01710nam a22002417a 450000500170000000800410001702000180005804000070007604100080008308200220009110000320011324500690014526000440021430000290025836500630028744000210035052009700037165000320134165000280137370000230140170000230142470000210144720230822153601.0230822b ||||| |||| 00| 0 eng d a9789356811928 cAL aeng 223a620.802bKUMG aPrabhanshu Kumar and others aGATE: Graduate Aptitude Test in Engineering 2024:bBiotechnology aHaryanabG K Publications Pvt Ltdc2024 axxxi,1261p.bPBc28x21cm 2Biotechnologya3983b980.00c₹d1225.00e20%f21-08-2023 aGATE PREP Series aGKP’s Prep Series: GATE 2024: Biotechnology, prepared by renowned faculty members who are subject matter experts, is your best bet to be GATE READY! The entire book has been revised and updated as per the exam syllabus. It is divided into units, chapters and further segmented into topics. The questions given with the unit have detailed answers, supported by in-depth explanations and diagrams. The book also includes well-explained sections on General Aptitude and Engineering Mathematics other than all subjects of Biotechnology. It also includes more than 3600 Objective type questions, the last four years GATE Solved papers of 2019-2022. Additionally, students can avail GATE previous year solved papers from 2016-2023 online from GK Publication’s website. Features: Comprehensive theory with concepts. 3600+ MCQs & NTQs Ample questions supplemented with solutions and diagrams. Thoroughly revised and updated as per the new syllabus. 3 full-length mocks. aBiotechnology Entrance Exam aCompetitive Examination aKUMAR (Prabhanshu) aMaurya (Pawan K R) aKUMAR (Preeti T)